Hackers, los piratas del chip y de Internet

Bibliographic Details
Main Author: Hernǹdez, Claudio
Format: Unknown
Language:Spanish
Published: [Barcelona] : Editorial vLex, 2001
Subjects:
Online Access:Acceso restringido

MARC

LEADER 00000ny a22000003n 4500
005 20110603133318.0
008 080613s2001 sp s 000 0 spa c
035 |a 37 
040 |a UMA.RE  |d vLex 
080 |a 004.056(0.034) 
090 |c 442  |d 442 
100 1 |a Hernǹdez, Claudio 
245 1 0 |a Hackers, los piratas del chip y de Internet  |h [Recurso electrn̤ico]  |c Claudio Hernǹdez 
256 |a Servicio en ln̕ea 
260 |a [Barcelona] :  |b Editorial vLex,  |c 2001 
506 1 |a Contenido solo disponible en los productos indicados  |d vLex Global  |d vLex Global (Academic Edition, excluding Law Schools)  |d vLex Global (U.S. Academic Edition, Law Schools)  |d vLex Global (U.S. Academic Edition, excluding Law Schools)  |d vLex Global (Academic Edition, Law Schools) 
650 0 7 |a Civil  |2 Tesauro vLex 
650 0 7 |a Delitos  |2 Tesauro vLex 
740 0 |a vLex Libros (Servicios en ln̕ea) 
856 4 0 |u http://vlex.com/source/37  |z Acceso restringido 
942 |c BOOK 
999 0 |a Civil Law  |b Barcelona